000 00239nam a2200097Ia 4500
005 20250424112924.0
008 250424s9999 xx 000 0 und d
300 _a65 p. : ill. ; 28 cm.
650 _ascientific spiritual thought
942 _cSR
999 _c37892
_d37892